<?xml version="1.0" encoding="UTF-8"?>
<record
    xmlns:xsi="http://www.w3.org/2001/XMLSchema-instance"
    xsi:schemaLocation="http://www.loc.gov/MARC21/slim http://www.loc.gov/standards/marcxml/schema/MARC21slim.xsd"
    xmlns="http://www.loc.gov/MARC21/slim">

  <leader>00781nam a22001577a 4500</leader>
  <controlfield tag="003">OSt</controlfield>
  <controlfield tag="005">20150920090020.0</controlfield>
  <controlfield tag="008">150920b        xxu||||| |||| 00| 0 eng d</controlfield>
  <datafield tag="040" ind1=" " ind2=" ">
    <subfield code="c">RUA</subfield>
  </datafield>
  <datafield tag="082" ind1=" " ind2=" ">
    <subfield code="a">AGR CHO 2008 B038 Or.1</subfield>
  </datafield>
  <datafield tag="100" ind1=" " ind2=" ">
    <subfield code="9">902</subfield>
    <subfield code="a">CHOU, PHALLIDINE.</subfield>
  </datafield>
  <datafield tag="245" ind1=" " ind2=" ">
    <subfield code="a">Comparison of seedling age and seedling number on raing chey rice variety under condition of royal university of agriculture &#x1794;&#x17D2;&#x179A;&#x17C0;&#x1794;&#x1792;&#x17C0;&#x1794;&#x1796;&#x17B8;&#x17A2;&#x17B6;&#x1799;&#x17BB;&#x179F;&#x17C6;&#x178E;&#x17B6;&#x1794; &#x1793;&#x17B7;&#x1784; &#x1785;&#x17C6;&#x1793;&#x17BD;&#x1793;&#x178A;&#x17BE;&#x1798;&#x179F;&#x17D2;&#x1791;&#x17BC;&#x1784;&#x179B;&#x17BE;&#x178A;&#x17C6;&#x178E;&#x17B6;&#x17C6;&#x179F;&#x17D2;&#x179A;&#x17BC;&#x179C;&#x179A;&#x17B6;&#x17C6;&#x1784;&#x1787;&#x17D0;&#x1799;&#x1780;&#x17D2;&#x1793;&#x17BB;&#x1784;&#x179B;&#x1780;&#x17D2;&#x1781;&#x1781;&#x178E;&#x17D2;&#x178C;&#x1793;&#x17C3;&#x179F;&#x17B6;&#x1780;&#x179B;&#x179C;&#x17B7;&#x1791;&#x17D2;&#x1799;&#x17B6;&#x179B;&#x17D0;&#x1799;&#x1797;&#x17BC;&#x1798;&#x17B7;&#x1793;&#x17D2;&#x1791;&#x1780;&#x179F;&#x17B7;&#x1780;&#x1798;&#x17D2;&#x1798;</subfield>
  </datafield>
  <datafield tag="260" ind1=" " ind2=" ">
    <subfield code="a">Phnom Penh </subfield>
    <subfield code="b">RUA</subfield>
    <subfield code="c">2008</subfield>
  </datafield>
  <datafield tag="300" ind1=" " ind2=" ">
    <subfield code="a">xi; 48p.</subfield>
    <subfield code="b">ill.</subfield>
    <subfield code="c">29cm.</subfield>
  </datafield>
  <datafield tag="942" ind1=" " ind2=" ">
    <subfield code="2">ddc</subfield>
    <subfield code="c">AGR</subfield>
  </datafield>
  <datafield tag="999" ind1=" " ind2=" ">
    <subfield code="c">870</subfield>
    <subfield code="d">870</subfield>
  </datafield>
  <datafield tag="952" ind1=" " ind2=" ">
    <subfield code="0">0</subfield>
    <subfield code="1">0</subfield>
    <subfield code="2">ddc</subfield>
    <subfield code="4">0</subfield>
    <subfield code="6">AGR_CHO_2008_000000000000000_B038_OR_1</subfield>
    <subfield code="7">0</subfield>
    <subfield code="9">3449</subfield>
    <subfield code="a">LBB</subfield>
    <subfield code="b">LBB</subfield>
    <subfield code="c">B038</subfield>
    <subfield code="d">2015-09-20</subfield>
    <subfield code="o">AGR CHO 2008 B038 Or.1</subfield>
    <subfield code="p">RUA002942</subfield>
    <subfield code="r">2015-09-20</subfield>
    <subfield code="w">2015-09-20</subfield>
    <subfield code="y">AGR</subfield>
  </datafield>
  <datafield tag="952" ind1=" " ind2=" ">
    <subfield code="0">0</subfield>
    <subfield code="1">0</subfield>
    <subfield code="2">ddc</subfield>
    <subfield code="4">0</subfield>
    <subfield code="6">AGR_CHO_2008_000000000000000_B038_OR_2</subfield>
    <subfield code="7">0</subfield>
    <subfield code="9">3450</subfield>
    <subfield code="a">LBB</subfield>
    <subfield code="b">LBB</subfield>
    <subfield code="c">B038</subfield>
    <subfield code="d">2015-09-20</subfield>
    <subfield code="o">AGR CHO 2008 B038 Or.2</subfield>
    <subfield code="p">RUA002195</subfield>
    <subfield code="r">2015-09-20</subfield>
    <subfield code="w">2015-09-20</subfield>
    <subfield code="y">AGR</subfield>
  </datafield>
  <datafield tag="952" ind1=" " ind2=" ">
    <subfield code="0">0</subfield>
    <subfield code="1">0</subfield>
    <subfield code="2">ddc</subfield>
    <subfield code="4">0</subfield>
    <subfield code="6">AGR_CHO_2008_000000000000000_B038_OR_3</subfield>
    <subfield code="7">0</subfield>
    <subfield code="9">3451</subfield>
    <subfield code="a">LBB</subfield>
    <subfield code="b">LBB</subfield>
    <subfield code="c">B038</subfield>
    <subfield code="d">2015-09-20</subfield>
    <subfield code="o">AGR CHO 2008 B038 Or.3</subfield>
    <subfield code="p">RUA002489</subfield>
    <subfield code="r">2015-09-20</subfield>
    <subfield code="w">2015-09-20</subfield>
    <subfield code="y">AGR</subfield>
  </datafield>
  <datafield tag="952" ind1=" " ind2=" ">
    <subfield code="0">0</subfield>
    <subfield code="1">0</subfield>
    <subfield code="2">ddc</subfield>
    <subfield code="4">0</subfield>
    <subfield code="6">AGR_CHO_2008_000000000000000_B038_OR_4</subfield>
    <subfield code="7">0</subfield>
    <subfield code="9">3452</subfield>
    <subfield code="a">LBB</subfield>
    <subfield code="b">LBB</subfield>
    <subfield code="c">B038</subfield>
    <subfield code="d">2015-09-20</subfield>
    <subfield code="l">1</subfield>
    <subfield code="o">AGR CHO 2008 B038 Or.4</subfield>
    <subfield code="p">RUA002659</subfield>
    <subfield code="r">2018-08-14</subfield>
    <subfield code="s">2018-07-23</subfield>
    <subfield code="w">2015-09-20</subfield>
    <subfield code="y">AGR</subfield>
  </datafield>
  <datafield tag="952" ind1=" " ind2=" ">
    <subfield code="0">0</subfield>
    <subfield code="1">0</subfield>
    <subfield code="2">ddc</subfield>
    <subfield code="4">0</subfield>
    <subfield code="6">AGR_CHO_2008_000000000000000_B038_OR_5</subfield>
    <subfield code="7">0</subfield>
    <subfield code="9">3453</subfield>
    <subfield code="a">LBB</subfield>
    <subfield code="b">LBB</subfield>
    <subfield code="c">B038</subfield>
    <subfield code="d">2015-09-20</subfield>
    <subfield code="o">AGR CHO 2008 B038 Or.5</subfield>
    <subfield code="p">RUA002410</subfield>
    <subfield code="r">2015-09-20</subfield>
    <subfield code="w">2015-09-20</subfield>
    <subfield code="y">AGR</subfield>
  </datafield>
  <datafield tag="952" ind1=" " ind2=" ">
    <subfield code="0">0</subfield>
    <subfield code="1">0</subfield>
    <subfield code="2">ddc</subfield>
    <subfield code="4">0</subfield>
    <subfield code="6">AGR_CHO_2008_000000000000000_B038_OR_6</subfield>
    <subfield code="7">0</subfield>
    <subfield code="9">3454</subfield>
    <subfield code="a">LBB</subfield>
    <subfield code="b">LBB</subfield>
    <subfield code="c">B038</subfield>
    <subfield code="d">2015-09-20</subfield>
    <subfield code="o">AGR CHO 2008 B038 Or.6</subfield>
    <subfield code="p">RUA002482</subfield>
    <subfield code="r">2015-09-20</subfield>
    <subfield code="w">2015-09-20</subfield>
    <subfield code="y">AGR</subfield>
  </datafield>
  <datafield tag="952" ind1=" " ind2=" ">
    <subfield code="0">0</subfield>
    <subfield code="1">0</subfield>
    <subfield code="2">ddc</subfield>
    <subfield code="4">0</subfield>
    <subfield code="6">AGR_CHO_2008_000000000000000_B038_OR_7</subfield>
    <subfield code="7">0</subfield>
    <subfield code="9">3455</subfield>
    <subfield code="a">LBB</subfield>
    <subfield code="b">LBB</subfield>
    <subfield code="c">B038</subfield>
    <subfield code="d">2015-09-20</subfield>
    <subfield code="o">AGR CHO 2008 B038 Or.7</subfield>
    <subfield code="p">RUA002070</subfield>
    <subfield code="r">2015-09-20</subfield>
    <subfield code="w">2015-09-20</subfield>
    <subfield code="y">AGR</subfield>
  </datafield>
  <datafield tag="952" ind1=" " ind2=" ">
    <subfield code="0">0</subfield>
    <subfield code="1">0</subfield>
    <subfield code="2">ddc</subfield>
    <subfield code="4">0</subfield>
    <subfield code="6">AGR_CHO_2008_000000000000000_B038_OR_8</subfield>
    <subfield code="7">0</subfield>
    <subfield code="9">3456</subfield>
    <subfield code="a">LBB</subfield>
    <subfield code="b">LBB</subfield>
    <subfield code="c">B038</subfield>
    <subfield code="d">2015-09-20</subfield>
    <subfield code="o">AGR CHO 2008 B038 Or.8</subfield>
    <subfield code="p">RUA002915</subfield>
    <subfield code="r">2015-09-20</subfield>
    <subfield code="w">2015-09-20</subfield>
    <subfield code="y">AGR</subfield>
  </datafield>
  <datafield tag="952" ind1=" " ind2=" ">
    <subfield code="0">0</subfield>
    <subfield code="1">0</subfield>
    <subfield code="2">ddc</subfield>
    <subfield code="4">0</subfield>
    <subfield code="6">AGR_CHO_2008_000000000000000_B038_OR_9</subfield>
    <subfield code="7">0</subfield>
    <subfield code="9">3457</subfield>
    <subfield code="a">LBB</subfield>
    <subfield code="b">LBB</subfield>
    <subfield code="c">B038</subfield>
    <subfield code="d">2015-09-20</subfield>
    <subfield code="o">AGR CHO 2008 B038 Or.9</subfield>
    <subfield code="p">RUA002133</subfield>
    <subfield code="r">2015-09-20</subfield>
    <subfield code="w">2015-09-20</subfield>
    <subfield code="y">AGR</subfield>
  </datafield>
</record>
